000 00538nam a22001817a 4500
999 _c84822
_d84822
005 20230706122607.0
010 _aENG-110129 ENG-137304
020 _a9788184302288
_c200.00
035 _aEN-93661 EN-120836
037 _bDBAD/PUB
082 _a530.11
100 _aEinstein, Albert
245 _a The special and general theory /
_cby Albert Einstein
260 _aNew Delhi
_bOcean Books
_c2013
270 _a4/19 Asaf Ali Road
_bNew Delhi
_e110002
300 _a144p.
_c22cm(Hb)
942 _2ddc
_cEN
_mEIN
_h530.11